| 000 | 00924nam a22002537a 4500 | ||
|---|---|---|---|
| 005 | 20240212152720.0 | ||
| 010 | _aENG-139205 ENG-139206 ENG-139207 | ||
| 020 |
_c1699.00 _a9789354496646,9789354496721(Set of 2 Vol and Lab Manual) |
||
| 035 | _aEN-122737 | ||
| 035 | _aEN-122738 | ||
| 035 | _aEN-122739 | ||
| 037 | _bDBAD/PUB | ||
| 082 |
_a540 _21 |
||
| 100 |
_aMisra, Deepali _961956 |
||
| 245 |
_aExpanded Universal Science Chemistry: _bA Complete Learning Solutinn Grade 12/ _cBy Deepali Misra |
||
| 250 | _a1 | ||
| 260 |
_aUttar Pradesh _bPearson India Education Pvt Ltd _c2022 |
||
| 270 |
_bUttar Pradesh _a15th FLoor, Tower-B, World Trade Tower, Plot No.1, Block- C, Sector-16, Noida _e201301 |
||
| 300 |
_avpp. _c25cm(pb) _bIndex |
||
| 300 |
_a224p. _c23cm(pb) _bIndex |
||
| 490 | _vVol 1 Vol 2 and La Manual | ||
| 500 | _aSet Of 2 Volumes and Lab Manual | ||
| 942 |
_2ddc _cEN _h540 _mMIS _e1 |
||
| 999 |
_c200685 _d200685 |
||